[Event "45th Olympiad Budapest 2024"]
[Site "Budapest"]
[Date "2024.09.13"]
[Round "3"]
[Board "2"]
[White "Shih, Ching-An"]
[Black "Abarca Gonzalez, Damaris"]
[Result "0-1"]
[WhiteElo "1735"]
[BlackElo "1991"]
[PlyCount "66"]
[EventDate "2024.09.11"]
[EventType "team-tourn"]
[EventRounds "11"]
[EventCountry "HUN"]
[WhiteTeam "Chinese Taipei"]
[BlackTeam "Chile"]
[BlackTeamCountry "CHI"]

1. d4 {[%emt 0:00:02]} d5 {[%emt 0:00:38]} 2. Nf3 {[%emt 0:00:14]} c6 {[%emt 0:00:19]} 3. e3 {[%emt 0:00:35]} Nf6 {[%emt 0:00:06]} 4. c4 {[%emt 0:00:15]} Bf5 {[%emt 0:00:04]} 5. Nc3 {[%emt 0:00:39]} e6 {[%emt 0:00:07]} 6. Be2 {[%emt 0:00:32]} Bd6 {[%emt 0:00:53]} 7. cxd5 {[%emt 0:02:28]} ({RR} 7. Nh4 Bg6 8. Nxg6 hxg6 9. g3 Nbd7 10. O-O O-O 11. b3 Qe7 12. Bb2 Ba3 {½-½ Solozhenkin,E (2460)-Khalifman,A (2490) URS Soviet Union 1986}) 7... exd5 {[%emt 0:03:31]} ({RR} 7... cxd5 8. Bb5+ Nc6 9. Qa4 O-O 10. Bxc6 bxc6 11. Qxc6 Rc8 12. Qa4 Rc4 13. Qd1 h6 14. O-O Bc7 15. Nb5 Bc2 16. Qd2 Bb8 17. b3 Rc6 18. Bb2 Bc7 19. Nxa7 Ra6 20. Qxc2 Rxa7 21. Ne5 Nh5 22. Nc6 {1-0 Varniga,R-Duong,H Eastern Asia-ch U08 Girls 2021 (3)}) 8. O-O {[%emt 0:01:00]} O-O $146 {[%emt 0:02:14]} ({RR} 8... Nbd7 9. b3 O-O 10. Bb2 Re8 11. Rc1 Rc8 12. h3 Ne4 13. Nxe4 Bxe4 14. Bd3 Nf6 15. Ne5 Qe7 16. Be2 Nd7 17. Nxd7 Qxd7 18. Bg4 Bf5 19. Bxf5 Qxf5 20. Qc2 Qg5 21. Qe2 Re4 22. Rc2 Rce8 23. Qd1 {½-½ Shangaraev,R-Ermakov,I Bashkorstostan-ch sf 2010 (1)}) 9. b3 {[%emt 0:00:56]} h6 {[%emt 0:00:28]} 10. Bb2 {[%emt 0:00:06]} Nbd7 {[%emt 0:00:12]} 11. Qc1 {[%emt 0:06:53]} Re8 {[%emt 0:01:45]} 12. Ba3 {[%emt 0:00:48]} Bc7 {[%emt 0:01:09]} 13. Na4 {[%emt 0:04:17]} Ne4 {[%emt 0:00:50]} 14. Nc5 {[%emt 0:00:11]} Ndxc5 {[%emt 0:07:28]} 15. dxc5 {[%emt 0:00:37]} Ng5 {[%emt 0:01:43]} 16. Bb2 {[%emt 0:02:39]} Nxf3+ {[%emt 0:02:06]} 17. Bxf3 {[%emt 0:00:07]} Qh4 {[%emt 0:11:42]} 18. g3 {[%emt 0:00:35]} Qg5 {[%emt 0:00:11]} 19. Bg2 {[%emt 0:01:55]} h5 {[%emt 0:01:32]} 20. f4 {[%emt 0:04:33]} Qg6 {[%emt 0:00:28]} 21. Bd4 {[%emt 0:00:20]} h4 {[%emt 0:00:59]} 22. Kf2 {[%emt 0:00:27]} h3 {[%emt 0:11:16]} 23. Bf3 {[%emt 0:00:11]} b6 {[%emt 0:00:56]} 24. g4 {[%emt 0:04:17]} Be4 {[%emt 0:01:01]} 25. Qd1 {[%emt 0:06:48]} Bxf3 {[%emt 0:02:08]} 26. Qxf3 {[%emt 0:00:47]} bxc5 {[%emt 0:00:08]} 27. f5 {[%emt 0:00:33]} Qd6 {[%emt 0:00:09]} 28. Bxc5 {[%emt 0:02:21]} Qxc5 {[%emt 0:01:36]} 29. Qxh3 {[%emt 0:00:08]} Qc2+ {[%emt 0:00:29]} 30. Kg1 {[%emt 0:00:27]} Rxe3 {[%emt 0:00:09]} 31. Qh4 {[%emt 0:02:15]} Re2 {[%emt 0:00:35]} 32. Rf2 {[%emt 0:00:50]} Rxf2 {[%emt 0:00:11]} 33. Qxf2 {[%emt 0:00:06]} Bb6 {[%emt 0:00:02]} 0-1

[Event "45th Olympiad Budapest 2024"]
[Site "Budapest"]
[Date "2024.09.13"]
[Round "3"]
[Board "3"]
[White "Morales Flores, Monserrat"]
[Black "Chen, I-Chen"]
[Result "1-0"]
[WhiteElo "1938"]
[BlackElo "1771"]
[PlyCount "63"]
[EventDate "2024.09.11"]
[EventType "team-tourn"]
[EventRounds "11"]
[EventCountry "HUN"]
[WhiteTeam "Chile"]
[BlackTeam "Chinese Taipei"]
[WhiteTeamCountry "CHI"]

1. e4 {[%emt 0:01:13]} c6 {[%emt 0:00:09]} 2. d4 {[%emt 0:00:29]} d5 {[%emt 0:00:04]} 3. Nc3 {[%emt 0:00:04]} dxe4 {[%emt 0:00:06]} 4. Nxe4 {[%emt 0:00:03]} Nf6 {[%emt 0:00:05]} 5. Nxf6+ {[%emt 0:02:10]} exf6 {[%emt 0:00:05]} 6. c3 {[%emt 0:00:21]} Bd6 {[%emt 0:00:11]} 7. Bd3 {[%emt 0:01:44]} O-O {[%emt 0:00:07]} 8. Ne2 {[%emt 0:06:43]} h5 {[%emt 0:03:41]} ({RR} 8... Nd7 9. Qc2 h6 10. O-O Re8 11. Be3 Nf8 12. Rfe1 Bg4 13. h3 Bh5 14. Nf4 Bxf4 15. Bxf4 Bg6 16. Be3 Qa5 17. a4 Qh5 18. Rad1 Rad8 19. b4 Bxd3 20. Qxd3 Ng6 21. b5 f5 22. f3 Nh4 23. Bf4 {1-0 Swiercz,D (2654)-Zvjaginsev,V (2659) FIDE World Cup 2013 (1.4)}) 9. Be3 {[%emt 0:01:19]} ({RR} 9. Qc2 Re8 10. Bd2 h4 11. h3 Nd7 12. O-O Nf8 13. Rae1 Ne6 14. f4 Bd7 15. f5 Ng5 16. Bf4 Qc7 17. Qd2 Ne4 18. Qc1 Re7 19. Bxd6 Qxd6 20. Rf4 Rae8 21. Rxh4 Bxf5 22. Rf1 Bg6 23. Nf4 c5 {1-0 Ismayil,M (2200)-Kovalevsky,S (2163) Titled Tue 23rd Jan Early 2024 (8)}) 9... Be6 {[%emt 0:03:09]} 10. Ng3 $146 {[%emt 0:08:33]} ({RR} 10. Qc2 Nd7 11. O-O-O Re8 12. c4 Rc8 13. Kb1 Nf8 14. Nc3 Bb4 15. Ne4 Be7 16. Nc5 Bxc5 17. dxc5 Qa5 18. a3 Rcd8 19. h3 g6 20. Ka1 Bc8 21. g4 h4 22. Be4 Qc7 23. Rxd8 Rxd8 24. f4 Re8 {1-0 Gukesh,D (2497)-Solozhenkina,E (2279) Gibraltar Masters 17th 2019 (6)}) 10... Bg4 {[%emt 0:30:01]} 11. Qd2 {[%emt 0:20:55]} h4 {[%emt 0:23:35]} 12. Nf5 {[%emt 0:02:09]} Bxf5 {[%emt 0:00:07]} 13. Bxf5 {[%emt 0:00:05]} Re8 {[%emt 0:00:12]} 14. O-O {[%emt 0:08:01]} Qc7 {[%emt 0:01:32]} 15. h3 {[%emt 0:03:06]} Nd7 {[%emt 0:00:29]} 16. c4 {[%emt 0:04:54]} Rad8 {[%emt 0:02:06]} 17. Rfe1 {[%emt 0:13:59]} Nf8 {[%emt 0:04:26]} 18. Rad1 {[%emt 0:03:07]} Ne6 {[%emt 0:03:17]} 19. a3 {[%emt 0:08:48]} b6 {[%emt 0:02:12]} 20. b4 {[%emt 0:01:17]} Nf4 {[%emt 0:02:07]} 21. c5 {[%emt 0:01:51]} bxc5 {[%emt 0:00:13]} 22. bxc5 {[%emt 0:00:03]} Be5 {[%emt 0:13:28]} 23. Qc1 {[%emt 0:01:48]} Nd5 {[%emt 0:08:55]} 24. dxe5 {[%emt 0:00:16]} Qxe5 {[%emt 0:00:36]} 25. Bg4 {[%emt 0:02:03]} Nxe3 {[%emt 0:01:27]} 26. Rxe3 {[%emt 0:00:20]} Qc7 {[%emt 0:00:36]} 27. Rde1 {[%emt 0:01:07]} Rxe3 {[%emt 0:00:20]} 28. Qxe3 {[%emt 0:00:03]} Qa5 {[%emt 0:00:36]} 29. Bf5 {[%emt 0:00:18]} g6 {[%emt 0:00:20]} 30. Bg4 {[%emt 0:01:28]} Rd5 {[%emt 0:00:43]} 31. Qe8+ {[%emt 0:00:12]} Kg7 {[%emt 0:00:08]} 32. Re7 {[%emt 0:00:37]} 1-0

[Event "45th Olympiad Budapest 2024"]
[Site "Budapest"]
[Date "2024.09.13"]
[Round "3"]
[Board "3"]
[White "Azhar, Puteri Rifqah Fahada"]
[Black "Sabreen, Oraby"]
[Result "1/2-1/2"]
[WhiteElo "1947"]
[BlackElo "1812"]
[PlyCount "64"]
[EventDate "2024.09.11"]
[EventType "team-tourn"]
[EventRounds "11"]
[EventCountry "HUN"]
[WhiteTeam "Malaysia"]
[BlackTeam "Sudan"]
[WhiteTeamCountry "MAS"]
[BlackTeamCountry "SUD"]

1. d4 {[%emt 0:00:09]} g6 {[%emt 0:00:07]} 2. Nf3 {[%emt 0:00:15]} Bg7 {[%emt 0:00:06]} 3. Bf4 {[%emt 0:01:00]} Nf6 {[%emt 0:00:07]} 4. e3 {[%emt 0:00:13]} d6 {[%emt 0:02:22]} 5. c3 {[%emt 0:01:26]} O-O {[%emt 0:00:43]} 6. Nbd2 {[%emt 0:00:56]} Nc6 {[%emt 0:02:45]} 7. Bg3 {[%emt 0:02:41]} ({RR} 7. Be2 Nh5 8. Bg3 Nxg3 9. hxg3 e5 10. d5 Ne7 11. e4 h6 12. Qc2 c6 13. c4 cxd5 14. cxd5 Bd7 15. Qb3 f5 16. Bd3 b5 17. Rc1 Qb6 18. Nh4 f4 19. Rc6 Bxc6 20. dxc6+ Kh7 21. Qe6 fxg3 {0-1 Sengupta,D (2527)-Petrosyan,M (2607) Titled Tuesday intern op 16th June blitz 2020 (8)}) ({RR} 7. Be2 Nh5 8. Bg3 h6 9. O-O e5 10. Nb3 Qe7 11. Nfd2 Nxg3 12. fxg3 f5 13. Re1 e4 14. Nc4 Nd8 15. Na3 Be6 16. Rc1 g5 17. Nc4 b6 18. Na3 a5 19. c4 a4 20. Nd2 Kh8 21. Nb5 Bg8 {0-1 Radhika Gupta-Kairbekova,A (2247) Swiss Queens Wed #29 2024 (2.164)}) 7... Qe8 $146 {[%emt 0:03:28]} ({RR} 7... a6 8. Be2 Nh5 9. Qb3 Nxg3 10. hxg3 e5 11. O-O-O exd4 12. exd4 b5 13. a3 Bf5 14. Nh4 Na5 15. Qb4 c5 16. dxc5 dxc5 17. Qf4 Bd3 18. Bxd3 Qxd3 19. Qf3 Qd7 20. Kc2 b4 21. Ne4 Qa4+ 22. Kc1 {0-1 Golenia,J (1792)-Powalka,M (1975) POL-chT U19 1st League 2015 (8.8)}) ({RR} 7... Bg4 8. Qb3 b6 9. Be2 Na5 10. Qc2 Bf5 11. e4 Bd7 12. O-O Bc6 13. Rad1 e5 14. dxe5 dxe5 15. Nxe5 Qe7 16. Nxc6 Nxc6 17. Bf3 Rad8 18. Rfe1 Rfe8 19. h3 h6 20. Qa4 Qc5 21. Nb3 b5 22. Nxc5 {1-0 Azhar,P (1939)-Cheung,H Online Olym Div3 A rapid 2020 (8.5)}) 8. Qc2 {[%emt 0:04:55]} Rb8 {[%emt 0:06:50]} 9. a4 {[%emt 0:01:47]} Nh5 {[%emt 0:01:04]} 10. Bc4 {[%emt 0:03:10]} Nxg3 {[%emt 0:04:01]} 11. hxg3 {[%emt 0:02:00]} e5 {[%emt 0:10:49]} 12. dxe5 {[%emt 0:13:17]} Nxe5 {[%emt 0:01:03]} 13. Nxe5 {[%emt 0:03:03]} Qxe5 {[%emt 0:05:25]} 14. Nf3 {[%emt 0:00:43]} Qe7 {[%emt 0:04:07]} 15. Nh4 {[%emt 0:06:33]} Be6 {[%emt 0:03:56]} 16. Qb3 {[%emt 0:08:28]} Rfe8 {[%emt 0:04:13]} 17. Nf3 {[%emt 0:06:43]} c6 {[%emt 0:05:08]} 18. Bxe6 {[%emt 0:01:15]} Qxe6 {[%emt 0:00:15]} 19. Qxe6 {[%emt 0:00:50]} fxe6 {[%emt 0:01:17]} 20. O-O-O {[%emt 0:05:43]} d5 {[%emt 0:02:32]} 21. e4 {[%emt 0:02:41]} Rbd8 {[%emt 0:05:37]} 22. Rhe1 {[%emt 0:08:23]} Rf8 {[%emt 0:11:19]} 23. exd5 {[%emt 0:03:07]} exd5 {[%emt 0:00:19]} 24. Re7 {[%emt 0:01:55]} Rf7 {[%emt 0:00:27]} 25. Rde1 {[%emt 0:02:48]} Rdf8 {[%emt 0:01:12]} 26. Kc2 {[%emt 0:01:30]} h6 {[%emt 0:01:02]} 27. Kd3 {[%emt 0:02:22]} Rxe7 {[%emt 0:01:02]} 28. Rxe7 {[%emt 0:00:07]} Rf7 {[%emt 0:00:04]} 29. Re2 {[%emt 0:00:44]} Kf8 {[%emt 0:04:24]} 30. Nh4 {[%emt 0:06:59]} g5 {[%emt 0:02:38]} 31. Nf3 {[%emt 0:00:14]} Re7 {[%emt 0:00:56]} 32. Rxe7 {[%emt 0:02:56]} Kxe7 {[%emt 0:00:13]} 1/2-1/2

[Event "45th Olympiad Budapest 2024"]
[Site "Budapest"]
[Date "2024.09.13"]
[Round "3"]
[Board "4"]
[White "Rawan, Mansor"]
[Black "Nithyalakshmi, Sivanesan"]
[Result "0-1"]
[WhiteElo "1717"]
[BlackElo "1912"]
[PlyCount "66"]
[EventDate "2024.09.11"]
[EventType "team-tourn"]
[EventRounds "11"]
[EventCountry "HUN"]
[WhiteTeam "Sudan"]
[BlackTeam "Malaysia"]
[WhiteTeamCountry "SUD"]
[BlackTeamCountry "MAS"]

1. d4 {[%emt 0:00:02]} e6 {[%emt 0:00:12]} 2. Bf4 {[%emt 0:00:08]} f5 {[%emt 0:00:12]} 3. Nf3 {[%emt 0:00:06]} Nf6 {[%emt 0:00:14]} 4. h3 {[%emt 0:00:32]} b6 {[%emt 0:00:11]} 5. e3 {[%emt 0:00:16]} Bb7 {[%emt 0:00:11]} 6. Nbd2 {[%emt 0:02:59]} ({RR} 6. Bd3 Be7 7. g4 Ne4 8. gxf5 exf5 9. Rg1 Bf6 10. Nfd2 O-O 11. Qh5 Qe7 12. Nxe4 fxe4 13. Bc4+ Kh8 14. Nd2 Na6 15. O-O-O Qe8 16. Qe2 Qc8 17. Nxe4 Bxe4 18. Bxa6 Qd8 19. Bd3 d5 20. Rg4 Bxd3 {½-½ Telljohann,S (2400)-Jakubiec,A (2535) BL2-West 1415 2014 (4.4)}) 6... Be7 {[%emt 0:00:51]} ({RR} 6... Bd6 7. Ne5 O-O 8. c3 Nc6 9. Qc2 Bxe5 10. dxe5 Nd5 11. Bh2 f4 12. exf4 Nxf4 13. Nc4 Qg5 14. Qd2 Nxe5 15. O-O-O Nxc4 16. Bxc4 d5 17. Bf1 Qf5 18. g3 d4 19. Rg1 dxc3 20. Qxf4 cxb2+ 21. Kxb2 {1-0 Seliverstov,V (2462)-Sipahioglu,I (2061) Titled Tue 11th Jun Early 2024 (1)}) 7. Bd3 {[%emt 0:01:51]} Ne4 {[%emt 0:05:03]} 8. Ne5 $146 {[%emt 0:07:09]} ({RR} 8. O-O O-O 9. c3 Bf6 10. Ne5 Nxd2 11. Qxd2 d6 12. Nf3 Qe7 13. Be2 e5 14. dxe5 dxe5 15. Bh2 Nc6 16. Qc2 g6 17. Rad1 Rad8 {½-½ Vitali-Mellano,S (2300) Mar del Plata op 1994 (8)}) ({RR} 8. c3 c5 9. Rg1 Bh4 10. g3 Bf6 11. g4 Bh4 12. Nxh4 Qxh4 13. Qf3 Nd6 14. Qe2 Ne4 15. gxf5 exf5 16. Rxg7 Qxh3 17. O-O-O Nxd2 18. Qxd2 Bf3 19. Rdg1 Bd5 20. Bf1 Qh4 21. dxc5 Be6 22. Bg5 Qh2 {1-0 Rogozenco,T (1974)-Hoffbauer,J (1773) Berlin Lichtenberger op 18th 2019 (4)}) ({RR} 8. Qe2 O-O 9. g4 c5 10. O-O-O d5 11. c3 c4 12. Bxe4 fxe4 13. Ne5 b5 14. f3 exf3 15. Ndxf3 b4 16. Qc2 Qa5 17. h4 b3 18. axb3 cxb3 19. Qxb3 Nc6 20. Qxb7 Nxe5 21. Nxe5 Rab8 22. Qc6 Rb6 {½-½ Akesson,D (2050)-Petersson,K Rodeby op Karlskrona 1997 (4)}) 8... O-O {[%emt 0:08:45]} 9. Nxe4 {[%emt 0:01:24]} fxe4 {[%emt 0:01:55]} 10. Be2 {[%emt 0:00:48]} Bg5 {[%emt 0:09:10]} 11. Bxg5 {[%emt 0:06:29]} Qxg5 {[%emt 0:00:14]} 12. Bg4 {[%emt 0:00:07]} Qf6 {[%emt 0:06:28]} 13. Rf1 {[%emt 0:14:23]} b5 {[%emt 0:14:09]} 14. Be2 {[%emt 0:05:12]} a6 {[%emt 0:02:32]} 15. Qd2 {[%emt 0:05:00]} d6 {[%emt 0:03:54]} 16. Ng4 {[%emt 0:00:13]} Qg6 {[%emt 0:00:44]} 17. Rg1 {[%emt 0:03:12]} Nd7 {[%emt 0:04:17]} 18. c4 {[%emt 0:07:24]} bxc4 {[%emt 0:03:29]} 19. Bxc4 {[%emt 0:00:26]} Nb6 {[%emt 0:00:21]} 20. Bb3 {[%emt 0:01:40]} a5 {[%emt 0:01:36]} 21. Rc1 {[%emt 0:04:52]} Rf7 {[%emt 0:01:50]} 22. Nh2 {[%emt 0:06:27]} a4 {[%emt 0:07:40]} 23. Bd1 {[%emt 0:11:58]} Bd5 {[%emt 0:04:32]} 24. b3 {[%emt 0:04:02]} Raf8 {[%emt 0:04:23]} 25. Qb4 {[%emt 0:06:28]} Rxf2 {[%emt 0:03:00]} 26. Ng4 {[%emt 0:00:02]} R2f7 {[%emt 0:00:48]} 27. bxa4 {[%emt 0:01:25]} h5 {[%emt 0:01:35]} 28. a5 {[%emt 0:01:14]} Nc8 {[%emt 0:01:04]} 29. a6 {[%emt 0:02:11]} hxg4 {[%emt 0:00:47]} 30. Bxg4 {[%emt 0:00:01]} Qf6 {[%emt 0:01:30]} 31. Rc2 {[%emt 0:00:31]} Nb6 {[%emt 0:00:53]} 32. a4 {[%emt 0:02:00]} Nc4 {[%emt 0:00:42]} 33. a7 {[%emt 0:02:43]} Qf1+ {[%emt 0:00:33]} 0-1

[Event "45th Olympiad Budapest 2024"]
[Site "Budapest"]
[Date "2024.09.13"]
[Round "3"]
[Board "4"]
[White "Djerroud, Chahrazed"]
[Black "Teweldemedhn, Mekdes Teklay"]
[Result "1-0"]
[WhiteElo "1910"]
[BlackElo "1648"]
[PlyCount "67"]
[EventDate "2024.09.11"]
[EventType "team-tourn"]
[EventRounds "11"]
[EventCountry "HUN"]
[WhiteTeam "Algeria"]
[BlackTeam "Ethiopia"]
[WhiteTeamCountry "ALG"]
[BlackTeamCountry "ETH"]

1. e4 {[%emt 0:00:03]} c5 {[%emt 0:00:09]} 2. Nf3 {[%emt 0:00:07]} Nc6 {[%emt 0:00:27]} 3. d4 {[%emt 0:00:10]} cxd4 {[%emt 0:01:15]} 4. Nxd4 {[%emt 0:00:05]} g6 {[%emt 0:01:05]} 5. c4 {[%emt 0:01:24]} Bg7 {[%emt 0:02:38]} 6. Be3 {[%emt 0:01:15]} Qb6 {[%emt 0:12:57]} 7. Nxc6 {[%emt 0:08:06]} ({RR} 7. Nb5 Qa5+ 8. N1c3 Nf6 9. f3 O-O 10. Be2 a6 11. Nd4 Nh5 12. Qd2 Nxd4 13. Bxd4 Bxd4 14. Qxd4 d6 15. Kf2 Be6 16. g3 Rac8 17. Rhc1 Qb4 18. a3 Qc5 19. Qxc5 Rxc5 20. b4 Rc7 21. Na4 Nf6 {½-½ Rodo,R (2648)-Cato the Younger (2417) PAL/CSS Freestyle op 5th rapid 2007 (4)}) 7... Qxc6 {[%emt 0:00:28]} 8. Qc2 {[%emt 0:00:34]} e6 $146 {[%emt 0:05:10]} ({RR} 8... d6 9. f3 Nf6 10. Nc3 Bd7 11. Be2 O-O 12. O-O Rfd8 13. Rfd1 b6 14. Rac1 Rac8 15. Bg5 Qc5+ 16. Kh1 Qxg5 17. b3 Nh5 18. g3 Bh3 19. f4 Nxf4 20. Bf1 Bxf1 21. gxf4 Qxf4 22. Rxf1 Qe3 23. Nd5 {½-½ Verstraate,B (1677)-Pruijssers,K (1518) Hengelo U20 op 2005 (9)}) ({RR} 8... b5 9. Nd2 Bb7 10. Be2 bxc4 11. Bxc4 Nf6 12. Qb3 O-O 13. Rc1 Kh8 14. f3 d5 15. exd5 Nxd5 16. O-O Nxe3 17. Qxe3 Qd6 18. Kh1 Bxb2 19. Rb1 Bd4 20. Qe2 Bc6 21. Rfd1 e5 22. Ne4 Qe7 23. Ng3 {0-1 Andrade,I (2140)-Khumalo,K (2136) Titled Tue 13th Aug Early 2024 (1)}) ({RR} 8... Nf6 9. f3 d5 10. e5 Nd7 11. f4 Nb6 12. c5 Bf5 13. Qf2 d4 14. cxb6 dxe3 15. Qxe3 O-O 16. Na3 f6 17. Rc1 Qxb6 18. Qxb6 axb6 19. Bc4+ Kh8 20. Bd5 fxe5 21. fxe5 Ra5 22. Rd1 e6 23. Bf3 {0-1 Toman,J (2220)-Kislinsky,A (2483) CZE-ch Ostrava 2014 (1)}) ({RR} 8... Nf6 9. f3 d6 10. Nc3 Be6 11. b3 a6 12. Rc1 Rc8 13. Qd2 O-O 14. Bh6 Rfd8 15. Bxg7 Kxg7 16. Be2 Qc5 17. Na4 Qa7 18. Bd3 Rd7 19. Qf2 Qxf2+ 20. Kxf2 Rc6 21. Ke3 Rdc7 22. Rcd1 Nd7 23. f4 {0-1 Emendorfer,D-Bozzano,E BRA-ch U16 Porto Belo 1998 (5)}) 9. Nc3 {[%emt 0:01:03]} Ne7 {[%emt 0:05:03]} 10. Rd1 {[%emt 0:01:13]} b6 {[%emt 0:02:37]} 11. Be2 {[%emt 0:03:05]} Bb7 {[%emt 0:05:23]} 12. Bf3 {[%emt 0:00:42]} Qxc4 {[%emt 0:02:01]} 13. Qd3 {[%emt 0:01:41]} Bxc3+ {[%emt 0:06:13]} 14. bxc3 {[%emt 0:00:46]} Qxd3 {[%emt 0:00:49]} 15. Rxd3 {[%emt 0:00:03]} d5 {[%emt 0:03:25]} 16. exd5 {[%emt 0:00:41]} Bxd5 {[%emt 0:00:40]} 17. Bd4 {[%emt 0:02:29]} Rg8 {[%emt 0:05:09]} 18. Bxd5 {[%emt 0:03:53]} Nxd5 {[%emt 0:00:50]} 19. g3 {[%emt 0:01:22]} Ke7 {[%emt 0:04:14]} 20. Ke2 {[%emt 0:04:32]} f6 {[%emt 0:02:42]} 21. f4 {[%emt 0:01:52]} Rac8 {[%emt 0:01:53]} 22. h4 {[%emt 0:05:03]} Kd6 {[%emt 0:05:11]} 23. Bxf6 {[%emt 0:02:15]} Rc4 {[%emt 0:06:14]} 24. Kd2 {[%emt 0:23:29]} Kc6 {[%emt 0:05:06]} 25. Be5 {[%emt 0:03:54]} Ra4 {[%emt 0:01:30]} 26. Ra1 {[%emt 0:01:38]} h6 {[%emt 0:02:44]} 27. Kc2 {[%emt 0:02:48]} g5 {[%emt 0:09:21]} 28. fxg5 {[%emt 0:02:16]} hxg5 {[%emt 0:01:13]} 29. h5 {[%emt 0:01:39]} Rf8 {[%emt 0:02:12]} 30. h6 {[%emt 0:01:37]} Re4 {[%emt 0:04:54]} 31. Bg7 {[%emt 0:00:33]} Rf2+ {[%emt 0:00:40]} 32. Rd2 {[%emt 0:05:36]} Ree2 {[%emt 0:00:12]} 33. Rad1 {[%emt 0:02:23]} Ne3+ {[%emt 0:00:24]} 34. Kd3 {[%emt 0:00:13]} 1-0

[Event "45th Olympiad Budapest 2024"]
[Site "Budapest"]
[Date "2024.09.13"]
[Round "3"]
[Board "4"]
[White "Sandramo, Chineva Rufino"]
[Black "Briem, Gudrun Fanney"]
[Result "1-0"]
[WhiteElo "1524"]
[BlackElo "1764"]
[PlyCount "55"]
[EventDate "2024.09.11"]
[EventType "team-tourn"]
[EventRounds "11"]
[EventCountry "HUN"]
[WhiteTeam "Mozambique"]
[BlackTeam "Iceland"]
[WhiteTeamCountry "MOZ"]
[BlackTeamCountry "ISL"]

1. e4 {[%emt 0:00:01]} c6 {[%emt 0:00:08]} 2. d4 {[%emt 0:00:16]} d5 {[%emt 0:00:06]} 3. exd5 {[%emt 0:00:21]} cxd5 {[%emt 0:00:08]} 4. Nf3 {[%emt 0:00:25]} Nf6 {[%emt 0:00:33]} 5. Bd3 {[%emt 0:00:10]} Nc6 {[%emt 0:00:29]} 6. c3 {[%emt 0:00:29]} Bg4 {[%emt 0:01:37]} 7. Nbd2 {[%emt 0:01:58]} e6 {[%emt 0:02:12]} 8. O-O {[%emt 0:07:59]} Bd6 {[%emt 0:01:47]} 9. Re1 {[%emt 0:01:39]} O-O {[%emt 0:02:07]} 10. Nf1 {[%emt 0:01:34]} Re8 {[%emt 0:05:43]} ({RR} 10... Qc7 11. h3 Bh5 12. Bg5 Nd7 13. Bh4 Rab8 14. Bxh7+ Kxh7 15. Ng5+ Kh6 16. Qd3 Bg6 17. Qd2 Bf4 18. Ne3 Nf6 19. g3 Bxg5 20. Bxg5+ Kh7 21. Bxf6 gxf6 22. Ng4 Qe7 23. h4 Kg8 24. Qh6 f5 25. h5 {0-1 Bacrot,E (2697)-Ivanisevic,I (2653) Wch Blitz 9th 2015 (16)}) ({RR} 10... Qc7 11. Ng3 e5 12. dxe5 Nxe5 13. Be2 Bxf3 14. Bxf3 Nxf3+ 15. Qxf3 Bxg3 16. Qxg3 Qxg3 17. hxg3 Rfe8 18. Be3 a6 19. f3 Re6 20. Kf2 Rae8 21. Rad1 h5 22. a4 g6 23. Rd3 Re5 24. Re2 Rf5 25. Bd4 {1-0 Kuzubov,Y (2605)-Lizak,P (2414) Titled Tue 9th Jan Late 2024 (7)}) 11. Bg5 {[%emt 0:01:14]} h6 {[%emt 0:02:56]} 12. Bh4 {[%emt 0:02:03]} Rb8 $146 {[%emt 0:06:17]} ({RR} 12... e5 13. dxe5 Nxe5 14. Be2 Ng6 15. Bxf6 Qxf6 16. Nd4 Bxe2 17. Rxe2 Nf4 18. Rxe8+ Rxe8 19. Ne3 Bc5 20. Ndc2 Qb6 21. b4 Bxe3 22. Nxe3 Qc6 23. Qf3 Qxc3 24. Rd1 d4 25. Qxf4 dxe3 26. fxe3 g5 {½-½ Kosic,D (2507)-Koons,N (2289) Budapest FS05 GM 2007 (7)}) ({RR} 12... e5 13. dxe5 Nxe5 14. Be2 Nxf3+ 15. Bxf3 Rxe1 16. Qxe1 Bxf3 17. gxf3 Bf8 18. Qd2 Qb6 19. Bxf6 Qxf6 20. Qxd5 Qb6 21. Qd2 Rd8 22. Qe2 a5 23. Ng3 a4 24. a3 Rd5 25. Rc1 Qd8 26. Rc2 h5 27. Ne4 {½-½ Golubov,S (2490)-Peralta,F (2574) Sitges Sunway op 3rd 2016 (8)}) ({RR} 12... e5 13. dxe5 Nxe5 14. Ne3 Nxf3+ 15. gxf3 Be6 16. Bc2 Be7 17. Qd3 g6 18. Rad1 Nh7 19. Bg3 Ng5 20. Ng4 Kh7 21. Bb3 h5 22. Ne5 h4 23. f4 hxg3 24. hxg3 Ne4 25. Rxe4 dxe4 26. Qxe4 Qb6 27. Nxg6 {½-½ Zapata,A (2421)-Vazquez,G (2527) FIDE World Cup American Qual Gp4 rapid 2021 (2.1)}) 13. h3 {[%emt 0:14:31]} Bxf3 {[%emt 0:07:24]} 14. Qxf3 {[%emt 0:00:12]} Be7 {[%emt 0:11:05]} 15. Rad1 {[%emt 0:10:10]} b5 {[%emt 0:07:03]} 16. Nh2 {[%emt 0:06:47]} b4 {[%emt 0:13:57]} 17. Ng4 {[%emt 0:07:55]} Nxg4 {[%emt 0:06:20]} 18. Bxe7 {[%emt 0:00:13]} Qxe7 {[%emt 0:04:47]} 19. Qxg4 {[%emt 0:00:15]} bxc3 {[%emt 0:00:49]} 20. bxc3 {[%emt 0:00:27]} Rb2 {[%emt 0:01:31]} 21. a4 {[%emt 0:01:49]} Qf6 {[%emt 0:03:52]} 22. Qg3 {[%emt 0:00:53]} Ne7 {[%emt 0:03:26]} 23. Rb1 {[%emt 0:01:11]} Rxb1 {[%emt 0:08:50]} 24. Rxb1 {[%emt 0:00:01]} g6 {[%emt 0:03:56]} 25. Rb8 {[%emt 0:00:42]} Rxb8 {[%emt 0:03:19]} 26. Qxb8+ {[%emt 0:00:06]} Kg7 {[%emt 0:00:04]} 27. Qxa7 {[%emt 0:00:16]} Nf5 {[%emt 0:01:59]} 28. Qb8 {[%emt 0:02:12]} 1-0